Top 50 Superheroes - Statistics

General Stats
  • This quiz has been taken 140 times
  • The average score is 37 of 50
Answer Stats
Hint Answer % Correct
Bruce Wayne Batman
100%
Peter Parker Spider-Man
100%
Clark Kent Superman
99%
Bruce Banner Hulk
97%
Tony Stark Iron Man
97%
Thor Odinson Thor
96%
Steve Rogers Captain America
95%
Sam Wilson Falcon
93%
Diana Prince Wonder Woman
93%
Natasha Romanoff Black Widow
91%
Logan Wolverine
90%
Wade Wilson Deadpool
89%
T'Challa Black Panther
87%
Barry Allen Flash
87%
Stephen Strange Dr. Strange
85%
Carol Danvers Captain Marvel
81%
Hal Jordan Green Lantern
81%
Dick Grayson Robin
81%
Clint Barton Hawk-Eye
80%
Wanda Maximoff Scarlet Witch
80%
Billy Batson Shazam
80%
Scott Summers Cyclops
78%
Oliver Queen Green Arrow
77%
Raccoon Rocket
77%
Peter Quill Star-Lord
77%
Ororo Munroe Storm
77%
Johnny Storm Human Torch
76%
Phoenix Jean Grey
75%
Reed Richards Mr. Fantastic
75%
Selina Kyle Catwoman
74%
Ben Grimm Thing
73%
Arthur Curry Aquaman
71%
Sue Storm Invisible Woman
71%
Peter Maximoff Quicksilver
71%
Matt Murdock Daredevil
70%
Eddie Brock Venom
70%
GF of Quill Gamora
68%
Kara Danvers Supergirl
66%
Frank Castle Punisher
64%
Johnny Blaze Ghostrider
63%
Kamala Khan Ms. Marvel
63%
Bobby Drake Iceman
62%
Kurt Wagner Nightcrawler
57%
John Jones Martian Manhunter
53%
Anna Marie Rogue
53%
Remy LeBeau Gambit
50%
Norrin Radd Silver Surfer
47%
Laurel Lance Black Canary
43%
Ronnie Raymond Firestorm
30%
Eel O'Brien Plastic Man
23%
No matching quizzes found
Score Distribution
Percent of People with Each Score
Percentile by Number Answered
Your Score History
You have not taken this quiz